| 000 | 00542nam a2200169Ia 4500 | ||
|---|---|---|---|
| 008 | 230718s9999 xx 000 0 und d | ||
| 020 | _a9781787125629 | ||
| 041 | _aeng | ||
| 082 |
_a005.678 _bTAN |
||
| 100 |
_aTankariya V. _9200946 |
||
| 245 |
_aAWS Certified Developer - Associate Guide _bYour One-Stop Solution To Pass The AWS Developer's Certification |
||
| 260 |
_c2017 _bPackt |
||
| 300 | _a576 | ||
| 365 |
_cRs. _b1599.00 |
||
| 700 |
_aTankariya V. & Parmar B. _9200947 |
||
| 906 |
_dO:0601404-Aug-2018B:IN23818-Jul-2018 _cCOMP _b319.8 |
||
| 999 |
_c348014 _d348014 |
||